[Event "Berlin-ch 2011 U14 Vorrunde 1"]
[Site "Berlin"]
[Date "2010.10.02"]
[Round "5.9"]
[White "Geldner, Gerrit"]
[Black "Kitzmann, Marc"]
[Result "1-0"]
[WhiteElo "1515"]
[BlackElo "1168"]
[PlyCount "77"]
[EventDate "2010.09.18"]
[EventType "swiss"]
[EventRounds "7"]
[EventCountry "GER"]
[SourceTitle "EXT 2022"]
[Source "ChessBase"]
[SourceDate "2021.10.06"]
[SourceVersion "1"]
[SourceVersionDate "2021.10.06"]
[SourceQuality "1"]

1. f4 d5 2. e3 Bf5 3. Nf3 Nc6 4. Bb5 f6 5. Nd4 Bd7 6. Qh5+ g6 7. Qxd5 Nxd4 8. Bxd7+ Qxd7 9. Qxd7+ Kxd7 10. exd4 Re8 11. 0-0 e5 12. fxe5 fxe5 13. dxe5 Bc5+ 14. Kh1 Rxe5 15. Nc3 Nf6 16. d3 Nh5 17. Ne4 Bb6 18. Bg5 Rf5 19. g4 Rxf1+ 20. Rxf1 Ng7 21. Rf7+ Kc6 22. Rxg7 Bd4 23. Bf6 Bxf6 24. Nxf6 h5 25. Rxg6 hxg4 26. Nxg4+ Kd7 27. Kg2 b6 28. Ne5+ Kc8 29. Kg3 Re8 30. Kf4 Rh8 31. Ng4 Re8 32. h4 Re2 33. h5 Rxc2 34. h6 Rxb2 35. h7 Rxa2 36. h8Q+ Kb7 37. Qf6 Rc2 38. Qe6 Rc5 39. d4 1-0

[Event "Berlin-ch 2011 U14 Vorrunde 1"]
[Site "Berlin"]
[Date "2010.10.02"]
[Round "6.8"]
[White "Kitzmann, Marc"]
[Black "Petersen, Marcel"]
[Result "0-1"]
[WhiteElo "1168"]
[BlackElo "1322"]
[PlyCount "80"]
[EventDate "2010.09.18"]
[EventType "swiss"]
[EventRounds "7"]
[EventCountry "GER"]
[SourceTitle "EXT 2022"]
[Source "ChessBase"]
[SourceDate "2021.10.06"]
[SourceVersion "1"]
[SourceVersionDate "2021.10.06"]
[SourceQuality "1"]

1. e4 c5 2. Nf3 d6 3. Nc3 Nf6 4. Bc4 g6 5. 0-0 Bg7 6. d3 0-0 7. Ne2 Nc6 8. Be3 Bg4 9. Ng3 Ne5 10. Kh1 Nxf3 11. gxf3 Bh3 12. Rg1 a6 13. c3 b5 14. Bb3 e6 15. f4 Rc8 16. e5 Ng4 17. Qe2 dxe5 18. fxe5 Bxe5 19. Nf1 Bxf1 20. Raxf1 Nxh2 21. Re1 Qh4 22. Kg2 f5 23. Bxe6+ Kh8 24. Bxc8 f4 25. Bxf4 Bxf4 26. Bh3 g5 27. Rh1 g4 28. Rxh2 Bxh2 29. Bxg4 h5 30. Bxh5 Rg8+ 31. Kf3 Qxh5+ 32. Ke3 Re8+ 33. Kd2 Bf4+ 34. Kd1 Rxe2 35. Rxe2 Qh1+ 36. Re1 Qf3+ 37. Kc2 Qxf2+ 38. Kb3 Qxe1 39. a3 Qd1+ 40. Ka2 Qxd3 0-1